00365nam a2200121Ia 4500008004100000245010400041260001700145260000900162300000800171650002300179650001200202856002900214170516s9999 xx 000 0 und d 2aA Phosphorus Phthalocyanine Formulation with Intense Absorbance at 1000 nm for Deep Optical Imaging bTheranostics c2016 a6:5 xMedical Technology xMedtech uhttp://www.thno.org/v6i5